| 000 | 00814nam a22002057a 4500 | ||
|---|---|---|---|
| 999 |
_c5335 _d5335 |
||
| 003 | AR-CdUCM | ||
| 008 | 190222b ||||| |||| 00| 0 spa d | ||
| 040 |
_aMUNICIPALIDAD PROVINCIAL DEL CUSCO _cBIBLIOTECA MUNICIPAL DEL CUSCO |
||
| 082 |
_a985.061 / _bM22 |
||
| 100 |
_aMantilla, Víctor _916115 |
||
| 245 |
_aNuestros Héroes : _bEpisodios nacionales de la guerra del Pacífico 1879 - 1883 / _cVictor G Mantilla |
||
| 260 |
_aLima : _bUniverso, _c1979. |
||
| 300 |
_a245 páginas ; _bilustraciones, _c21 cm. |
||
| 505 | _aContenido: La insignia salvada -- La roca fatal -- Flemming -- La mejor ofrenda -- Mártir -- Grandes almas -- Dos voluntarios ... | ||
| 650 |
_aHistoria del Perú. _9259 |
||
| 650 |
_aGuerra del pacifico. _9941 |
||
| 650 |
_aÉpoca Republicana. _9202 |
||
| 942 |
_2ddc _cLIBROS |
||
| 945 | _arah | ||